Passió i mite de l'esport : Un viatge artístic i literari per la Catalunya contemporània / Joaquim Molas Un viatge artístic i literari per la Catalunya contemporània / Joaquim Molas
Descripción Física:
266 p. : principalment il., col. ; 32 cm
Materias:
Esports
MARC
| LEADER | 00000nam a2200000Ia 4500 | ||
|---|---|---|---|
| 001 | 7641 | ||
| 008 | 160829s1986 xx 000 0 cat d | ||
| 080 | |a FOL-1-80 | ||
| 100 | |a Molas, Joaquim, |d 1930-2015 |9 37692 | ||
| 245 | |a Passió i mite de l'esport : |b Un viatge artístic i literari per la Catalunya contemporània / Joaquim Molas | ||
| 260 | |a Barcelona : |b Diputació, |c 1986 | ||
| 300 | |a 266 p. : |b principalment il., col. ; |c 32 cm | ||
| 590 | |a Textos en català, castellà, francès i anglès. | ||
| 650 | |a Esports |9 34364 | ||
| 710 | 1 | |a Barcelona (Catalunya : Província). |b Diputació |9 52408 | |
| 901 | |a Arxiu | ||
| 942 | |n 1 | ||
| 952 | |0 0 |1 0 |4 0 |6 FOL180 |7 1 |9 43466 |a Arxiu |b Arxiu |d 2016-12-01 |l 0 |o FOL-1-80 |p 7641 |r 2016-12-01 00:00:00 |w 2016-12-01 |y ARXIU | ||
| 999 | |c 46012 |d 46012 | ||